[Event "Titled Tuesday intern op 16th Apr Early"]
[Site "Chess.com INT"]
[Date "2024.04.16"]
[Round "3"]
[White "Kobalia, Mihail"]
[Black "Dobrikov, Marco"]
[Result "1-0"]
[WhiteElo "2542"]
[BlackElo "2364"]
[PlyCount "153"]
[EventDate "2024.04.16"]
[EventType "swiss (blitz)"]
[EventRounds "11"]
[EventCountry "USA"]
[SourceTitle "CB17_2024"]
[SourceDate "2024.04.24"]
[SourceVersion "1"]
[SourceVersionDate "2024.04.24"]
[SourceQuality "1"]

1. d4 Nf6 2. Nf3 d5 3. Bf4 Bf5 4. e3 c6 5. c4 e6 6. Nc3 h6 7. Qb3 Qb6 8. c5 Qxb3 9. axb3 a6 10. b4 Be7 11. b5 cxb5 12. Nxb5 0-0 13. Nd6 Bxd6 14. Bxd6 Rc8 15. Be2 Nc6 16. Nd2 Nb4 17. 0-0 Ne4 18. Nxe4 Bxe4 19. f3 Bd3 20. Kf2 Bxe2 21. Kxe2 a5 22. Ra4 Ra6 23. Rfa1 Nc6 24. e4 b5 25. cxb6 Rxb6 26. Ba3 Rd8 27. e5 Rb5 28. Rc1 Rc8 29. Kd2 f6 30. f4 Kf7 31. Rc3 Ke8 32. exf6 gxf6 33. Rh3 Kf7 34. Rxh6 Rg8 35. g3 Rg7 36. Kc2 f5 37. Bc5 Rg6 38. Rh7+ Rg7 39. Rxg7+ Kxg7 40. Ra1 Kf6 41. h3 Rb7 42. Rg1 Rh7 43. h4 Rg7 44. Kb3 Rb7+ 45. Ka3 Kg6 46. b3 Kh5 47. Re1 Nd8 48. Ka4 Kg4 49. Re3 Ra7 50. Kb5 Ra8 51. Bb6 Nf7 52. Rxe6 Kxg3 53. h5 Kxf4 54. Rf6 Ng5 55. h6 Ne4 56. Re6 Nc3+ 57. Kc6 a4 58. bxa4 Rxa4 59. h7 Ra8 60. Bc7+ Kf3 61. Be5 f4 62. Rf6 Ne2 63. Rg6 Ra6+ 64. Kxd5 Rxg6 65. h8Q Ke3 66. Qh5 Rg3 67. Ke6 Rg2 68. d5 f3 69. Qh6+ Kf2 70. d6 Kf1 71. Qh1+ Kf2 72. d7 Rg5 73. d8Q Ng1 74. Qh2+ Rg2 75. Qd2+ Kf1 76. Qd1+ Kf2 77. Bd4# 1-0

[Event "Titled Tuesday intern op 16th Apr Early"]
[Site "Chess.com INT"]
[Date "2024.04.16"]
[Round "8"]
[White "Sarana, Alexey"]
[Black "Kobalia, Mihail"]
[Result "1-0"]
[WhiteElo "2703"]
[BlackElo "2542"]
[PlyCount "63"]
[EventDate "2024.04.16"]
[EventType "swiss (blitz)"]
[EventRounds "11"]
[EventCountry "USA"]
[SourceTitle "CB17_2024"]
[SourceDate "2024.04.24"]
[SourceVersion "1"]
[SourceVersionDate "2024.04.24"]
[SourceQuality "1"]

1. d4 d5 2. c4 c6 3. Nc3 Nf6 4. Nf3 e6 5. e3 Nbd7 6. Qc2 Bd6 7. Be2 0-0 8. 0-0 dxc4 9. Bxc4 e5 10. h3 a5 11. a3 Bc7 12. Ba2 Qe7 13. Bd2 h6 14. Nh4 Rd8 15. Nf5 Qf8 16. Rae1 Nb6 17. dxe5 Bxe5 18. f4 Rxd2 19. Qxd2 Bxc3 20. Nxh6+ gxh6 21. Qxc3 Qg7 22. e4 Be6 23. Bxe6 fxe6 24. Rf3 Kh7 25. Rg3 Qf7 26. Qb3 Nc8 27. f5 Nh5 28. fxe6 Qe7 29. Rf3 Ng7 30. e5 Qxe6 31. Qd3+ Qg6 32. Qd7 1-0

[Event "Titled Tuesday intern op 16th Apr Early"]
[Site "Chess.com INT"]
[Date "2024.04.16"]
[Round "4"]
[White "Stepanencu, Nicodim Cosmin"]
[Black "Kobalia, Mihail"]
[Result "0-1"]
[WhiteElo "2278"]
[BlackElo "2542"]
[PlyCount "48"]
[EventDate "2024.04.16"]
[EventType "swiss (blitz)"]
[EventRounds "11"]
[EventCountry "USA"]
[SourceTitle "CB17_2024"]
[SourceDate "2024.04.24"]
[SourceVersion "1"]
[SourceVersionDate "2024.04.24"]
[SourceQuality "1"]

1. d4 d6 2. Nf3 g6 3. e4 Bg7 4. Bc4 a6 5. a4 e6 6. Qe2 Nd7 7. c3 b6 8. Bg5 Ne7 9. Nbd2 h6 10. Be3 Bb7 11. 0-0 0-0 12. Rfe1 d5 13. exd5 Nxd5 14. Nf1 c5 15. dxc5 Nxc5 16. Bxc5 bxc5 17. Ng3 Qc7 18. Ne4 Rfd8 19. Rad1 g5 20. h3 Qc6 21. Qc2 Nf4 22. Bf1 Kh8 23. g3 f5 24. Ned2 Rxd2 0-1

[Event "Titled Tuesday intern op 16th Apr Early"]
[Site "Chess.com INT"]
[Date "2024.04.16"]
[Round "10"]
[White "Teterev, Vitaly"]
[Black "Kobalia, Mihail"]
[Result "1/2-1/2"]
[WhiteElo "2257"]
[BlackElo "2542"]
[PlyCount "95"]
[EventDate "2024.04.16"]
[EventType "swiss (blitz)"]
[EventRounds "11"]
[EventCountry "USA"]
[SourceTitle "CB17_2024"]
[SourceDate "2024.04.24"]
[SourceVersion "1"]
[SourceVersionDate "2024.04.24"]
[SourceQuality "1"]

1. Nf3 d5 2. g3 c6 3. Bg2 Bg4 4. c4 e6 5. 0-0 Nf6 6. Qb3 Qb6 7. d3 Nbd7 8. Qc2 Be7 9. Be3 Bc5 10. Bxc5 Qxc5 11. Rc1 0-0 12. cxd5 Qxc2 13. Rxc2 exd5 14. Nbd2 Rfe8 15. Kf1 Ne5 16. Rac1 Nxf3 17. Nxf3 a5 18. h3 Bxf3 19. Bxf3 Kf8 20. Rc3 Nd7 21. Rb3 Ra7 22. d4 g6 23. e3 h5 24. g4 hxg4 25. hxg4 Ke7 26. Kg2 Nf8 27. Kg3 Ne6 28. Rb6 Kd6 29. Rh1 a4 30. Rc1 Kc7 31. Rb4 Kd6 32. Rb6 Ng5 33. Bg2 Ne4+ 34. Bxe4 Rxe4 35. Rh1 Re8 36. Rh7 Re7 37. g5 Kc7 38. Rb4 b5 39. Kf4 a3 40. bxa3 Rxa3 41. Rb2 Kd6 42. Rh8 Raa7 43. Rc2 Rec7 44. Rd8+ Rd7 45. Rc8 Rdc7 46. Rd8+ Rd7 47. Rc8 Rdc7 48. Rd8+ 1/2-1/2

[Event "Titled Tuesday intern op 13th Feb Early"]
[Site "Chess.com INT"]
[Date "2024.02.13"]
[Round "1"]
[White "Dinu, Dumitru Daniel"]
[Black "Kobalia, Mihail"]
[Result "0-1"]
[WhiteElo "2190"]
[BlackElo "2542"]
[PlyCount "102"]
[EventDate "2024.02.13"]
[EventType "swiss (blitz)"]
[EventRounds "11"]
[EventCountry "USA"]
[SourceTitle "CB08_2024"]
[SourceDate "2024.02.21"]
[SourceVersion "1"]
[SourceVersionDate "2024.02.21"]
[SourceQuality "1"]

1. e4 c5 2. Nf3 e6 3. d4 cxd4 4. Nxd4 Nc6 5. Nc3 a6 6. Be3 Nf6 7. f3 d6 8. Be2 Bd7 9. 0-0 Be7 10. Qd2 0-0 11. Rad1 b5 12. Nxc6 Bxc6 13. a3 Qc7 14. Na2 Rfd8 15. Nc1 d5 16. exd5 Nxd5 17. Bd3 Bd6 18. h3 Nxe3 19. Qxe3 Qe7 20. Kh1 Qh4 21. Ne2 h6 22. Qf2 Qf6 23. Rfe1 Qxb2 24. Qh4 Qxa3 25. Nd4 Bb7 26. Nxe6 fxe6 27. Rxe6 Qb4 28. Qh5 Qf4 29. Kg1 Qh2+ 30. Kf2 Qg3+ 31. Kg1 Rf8 32. Rxd6 Bxf3 33. Qg6 Qxg6 34. Bxg6 Bxd1 35. Rxd1 a5 36. Rd5 Rfb8 37. Be4 a4 38. Rd1 Ra7 39. Ra1 b4 40. Kf2 a3 41. Bd5+ Kh8 42. Bb3 Re7 43. Kf3 Rc8 44. Ra2 Kh7 45. Ra1 Kg6 46. Bd5 Rxc2 47. Be4+ Rxe4 48. Kxe4 a2 49. Kd3 b3 50. Rf1 Rxg2 51. Kc3 b2 0-1

[Event "Titled Tuesday intern op 13th Feb Early"]
[Site "Chess.com INT"]
[Date "2024.02.13"]
[Round "4"]
[White "Kobalia, Mihail"]
[Black "Aaron, Deepak"]
[Result "1/2-1/2"]
[WhiteElo "2542"]
[BlackElo "2278"]
[PlyCount "124"]
[EventDate "2024.02.13"]
[EventType "swiss (blitz)"]
[EventRounds "11"]
[EventCountry "USA"]
[SourceTitle "CB08_2024"]
[SourceDate "2024.02.21"]
[SourceVersion "1"]
[SourceVersionDate "2024.02.21"]
[SourceQuality "1"]

1. e4 e5 2. Nf3 Nc6 3. Bb5 a6 4. Ba4 Nf6 5. 0-0 b5 6. Bb3 Bc5 7. c3 d6 8. d4 Bb6 9. Be3 Bg4 10. dxe5 Nxe5 11. Bxb6 Bxf3 12. gxf3 cxb6 13. f4 Ng6 14. e5 dxe5 15. fxe5 Qxd1 16. Rxd1 Nh5 17. Nd2 Ke7 18. Nf3 Rhd8 19. Rd4 Nhf4 20. Kf1 a5 21. Rad1 a4 22. Rxd8 Rxd8 23. Rxd8 Kxd8 24. Bxf7 Nd3 25. Bxg6 hxg6 26. Ke2 Nxb2 27. Nd4 Nc4 28. f4 g5 29. fxg5 Nxe5 30. Nxb5 Kd7 31. Nd4 Kd6 32. Nf5+ Kc5 33. Nxg7 Kc4 34. h4 Kxc3 35. h5 b5 36. Nf5 b4 37. Ne3 b3 38. a3 b2 39. Nd1+ Kb3 40. Nxb2 Kxb2 41. g6 Ng4 42. Kf3 Nh6 43. Kf4 Kxa3 44. Kg5 Ng8 45. h6 Nxh6 46. Kxh6 Kb2 47. g7 a3 48. g8Q a2 49. Qg7+ Kb1 50. Qg1+ Kb2 51. Qd4+ Kb1 52. Qd1+ Kb2 53. Qd2+ Kb1 54. Qb4+ Kc1 55. Qa3+ Kb1 56. Qb3+ Ka1 57. Qa3 Kb1 58. Qd3+ Kb2 59. Qd2+ Kb1 60. Qe3 a1Q 61. Qe1+ Ka2 62. Qxa1+ Kxa1 1/2-1/2

[Event "Titled Tuesday intern op 13th Feb Early"]
[Site "Chess.com INT"]
[Date "2024.02.13"]
[Round "7"]
[White "Kobalia, Mihail"]
[Black "Yoo, Christopher Woojin"]
[Result "1-0"]
[WhiteElo "2542"]
[BlackElo "2595"]
[PlyCount "125"]
[EventDate "2024.02.13"]
[EventType "swiss (blitz)"]
[EventRounds "11"]
[EventCountry "USA"]
[SourceTitle "CB08_2024"]
[SourceDate "2024.02.21"]
[SourceVersion "1"]
[SourceVersionDate "2024.02.21"]
[SourceQuality "1"]

1. e4 c5 2. Nf3 d6 3. Bb5+ Bd7 4. Bxd7+ Nxd7 5. 0-0 Ngf6 6. Qe2 e6 7. c3 Be7 8. d4 0-0 9. Rd1 cxd4 10. cxd4 d5 11. e5 Ne4 12. Ne1 h6 13. f3 Ng5 14. Be3 Nb6 15. Nd2 Rc8 16. Rac1 Qd7 17. Nd3 Rxc1 18. Rxc1 Rc8 19. Qd1 Nc4 20. Nxc4 dxc4 21. Nf4 b5 22. Qd2 Rd8 23. a3 Qb7 24. Rd1 Nh7 25. Qc2 Bg5 26. Qe4 Qc8 27. d5 Bxf4 28. Bxf4 exd5 29. Rxd5 Rxd5 30. Qxd5 a6 31. Bd2 Nf8 32. h3 Ne6 33. Kh2 Qd8 34. Qxd8+ Nxd8 35. Kg3 Ne6 36. Kf2 g5 37. Be3 Kg7 38. Ke2 Kg6 39. g4 a5 40. Bd2 Nd4+ 41. Ke3 Nc2+ 42. Ke4 b4 43. axb4 axb4 44. Kd5 c3 45. bxc3 b3 46. Bc1 Ne3+ 47. Kd4 Nd1 48. c4 b2 49. Bxb2 Nxb2 50. c5 Na4 51. Kd5 h5 52. c6 Nb6+ 53. Kd6 h4 54. c7 Kh7 55. Kc6 Nc8 56. Kd7 Na7 57. c8Q Nxc8 58. Kxc8 Kg8 59. Kd7 Kh7 60. Ke7 Kg7 61. e6 fxe6 62. Kxe6 Kg6 63. Ke5 1-0

[Event "Titled Tuesday intern op 16th Jan Early"]
[Site "Chess.com INT"]
[Date "2024.01.16"]
[Round "1"]
[White "Kobalia, Mihail"]
[Black "Balla, Tamas Kristof"]
[Result "0-1"]
[WhiteElo "2542"]
[BlackElo "2283"]
[PlyCount "36"]
[EventDate "2024.01.16"]
[EventType "swiss (blitz)"]
[EventRounds "11"]
[EventCountry "USA"]
[SourceTitle "CB04_2024"]
[SourceDate "2023.10.16"]
[SourceVersion "1"]
[SourceVersionDate "2023.10.16"]
[SourceQuality "1"]

1. e4 c5 2. Nf3 Nc6 3. Bb5 Nf6 4. d3 Qa5+ 5. Nc3 Nd4 6. Bc4 b5 7. Bb3 Nxb3 8. cxb3 d6 9. 0-0 Bg4 10. h3 Bh5 11. g4 Bg6 12. e5 Nd7 13. exd6 e6 14. Bf4 Qb6 15. a4 Bxd6 16. Bxd6 Qxd6 17. Nxb5 Qc6 18. d4 0-0 0-1

[Event "Titled Tuesday intern op 09th Jan Early"]
[Site "Chess.com INT"]
[Date "2024.01.09"]
[Round "2"]
[White "Kobalia, Mihail"]
[Black "Szczepanek, Radoslaw"]
[Result "1-0"]
[WhiteElo "2542"]
[BlackElo "2205"]
[PlyCount "49"]
[EventDate "2024.01.09"]
[EventType "swiss (blitz)"]
[EventRounds "11"]
[EventCountry "USA"]
[SourceTitle "CB03_2024"]
[SourceDate "2024.01.17"]
[SourceVersion "1"]
[SourceVersionDate "2024.01.17"]
[SourceQuality "1"]

1. e4 c5 2. Nf3 Nc6 3. Bb5 a6 4. Bxc6 dxc6 5. 0-0 Qc7 6. a4 a5 7. Na3 e5 8. Nc4 f6 9. c3 Be6 10. b3 g5 11. d4 g4 12. Nh4 cxd4 13. cxd4 0-0-0 14. Bd2 Bxc4 15. bxc4 Rxd4 16. Qxg4+ Kb8 17. Be3 h5 18. Qf3 Rxc4 19. Ng6 Qh7 20. Nxf8 Qg7 21. Ne6 Qf7 22. Nc5 Nh6 23. Rfd1 Rg8 24. Rd7 Qg6 25. Rxb7+ 1-0

[Event "Titled Tuesday intern op 09th Jan Early"]
[Site "Chess.com INT"]
[Date "2024.01.09"]
[Round "11"]
[White "Kukhmazov, Arsen"]
[Black "Kobalia, Mihail"]
[Result "1/2-1/2"]
[WhiteElo "2498"]
[BlackElo "2542"]
[PlyCount "146"]
[EventDate "2024.01.09"]
[EventType "swiss (blitz)"]
[EventRounds "11"]
[EventCountry "USA"]
[SourceTitle "CB03_2024"]
[SourceDate "2024.01.17"]
[SourceVersion "1"]
[SourceVersionDate "2024.01.17"]
[SourceQuality "1"]

1. d4 d5 2. c4 c6 3. Nf3 Nf6 4. Qc2 g6 5. cxd5 cxd5 6. Nc3 Nc6 7. Bf4 Bf5 8. Qb3 Na5 9. Qa4+ Bd7 10. Qd1 Rc8 11. e3 Bg7 12. Bd3 0-0 13. 0-0 Nc4 14. Qe2 Bg4 15. Rfc1 Bxf3 16. gxf3 e6 17. b3 Nd6 18. Na4 Rxc1+ 19. Rxc1 Nh5 20. Bg3 Nxg3 21. hxg3 Nf5 22. Bxf5 gxf5 23. Nc5 Qe7 24. Nd3 Re8 25. Rc5 h5 26. Kg2 h4 27. f4 Qf6 28. Qh5 hxg3 29. fxg3 Qe7 30. Qe2 Bf8 31. Ne5 Qd8 32. Rc2 Bd6 33. Nd3 Qf6 34. Qh5 Kg7 35. Qh4 Qg6 36. Ne5 Bxe5 37. dxe5 Rh8 38. Qf6+ Qxf6 39. exf6+ Kxf6 40. Rc7 Rb8 41. Kf3 a5 42. Ke2 b6 43. a3 b5 44. Kd3 Kg6 45. Kd4 Kf6 46. Kd3 Rb6 47. Kd4 Rb8 48. Kc5 b4 49. a4 Rg8 50. Ra7 Rxg3 51. Kd4 Rg1 52. Rxa5 Rb1 53. Rb5 Rxb3 54. a5 Rb1 55. Kc5 b3 56. Kb6 e5 57. fxe5+ Kxe5 58. a6 f4 59. a7 Ra1 60. exf4+ Kxf4 61. Rxb3 d4 62. Rb5 Rxa7 63. Kxa7 d3 64. Rd5 Ke3 65. Re5+ Kd4 66. Re7 f5 67. Kb6 f4 68. Rf7 Ke3 69. Re7+ Kf2 70. Rd7 Ke2 71. Re7+ Kf2 72. Rd7 Ke2 73. Re7+ Kf2 1/2-1/2

[Event "Titled Tuesday intern op 09th Jan Early"]
[Site "Chess.com INT"]
[Date "2024.01.09"]
[Round "7"]
[White "Pranesh, M."]
[Black "Kobalia, Mihail"]
[Result "0-1"]
[WhiteElo "2538"]
[BlackElo "2542"]
[PlyCount "70"]
[EventDate "2024.01.09"]
[EventType "swiss (blitz)"]
[EventRounds "11"]
[EventCountry "USA"]
[SourceTitle "CB03_2024"]
[SourceDate "2024.01.17"]
[SourceVersion "1"]
[SourceVersionDate "2024.01.17"]
[SourceQuality "1"]

1. e4 c5 2. Nf3 e6 3. Nc3 Nc6 4. b3 a6 5. Bb2 d5 6. exd5 exd5 7. Ne2 Nf6 8. Ng3 Be7 9. Be2 0-0 10. 0-0 d4 11. a4 Nd5 12. Bc4 Be6 13. Re1 Qd7 14. d3 Rae8 15. Ne4 h6 16. Bc1 f5 17. Ng3 Kh7 18. Bd2 Bd6 19. Qc1 Bc7 20. Nh5 f4 21. Re4 Bg4 22. Bxd5 Qxd5 23. Nxf4 Bxf4 24. Rxf4 Rxf4 25. Bxf4 Bxf3 26. gxf3 Qxf3 27. Bg3 Re2 28. Qd1 Ne5 29. h3 Ng6 30. Qc1 Qd5 31. a5 Ne5 32. Bxe5 Qxe5 33. Qf1 Rxc2 34. Re1 Qg5+ 35. Kh1 Qf5 0-1

[Event "Wch Blitz"]
[Site "Samarkand"]
[Date "2023.12.30"]
[Round "19"]
[White "Averin, Nikolay"]
[Black "Kobalia, Mihail"]
[Result "0-1"]
[WhiteElo "2246"]
[BlackElo "2542"]
[PlyCount "86"]
[EventDate "2023.12.29"]
[EventType "swiss (blitz)"]
[EventRounds "21"]
[EventCountry "UZB"]
[SourceTitle "CB01_2024"]
[SourceDate "2024.01.03"]
[SourceVersion "1"]
[SourceVersionDate "2024.01.03"]
[SourceQuality "1"]

1. e4 c5 2. Nf3 e6 3. d4 cxd4 4. Nxd4 Nc6 5. Nc3 a6 6. Be3 Nf6 7. a3 d6 8. Be2 Bd7 9. g4 Nxd4 10. Qxd4 Bc6 11. g5 Nd7 12. 0-0-0 Qc7 13. h4 Nc5 14. f3 Rc8 15. h5 e5 16. Qd2 b5 17. h6 g6 18. Kb1 Be7 19. b4 Ne6 20. Nd5 Bxd5 21. exd5 Nxg5 22. c4 bxc4 23. Rc1 c3 24. Qd3 0-0 25. Bd2 Qd7 26. Rxc3 Rxc3 27. Bxc3 Nh3 28. Qxa6 Nf4 29. Bb5 Qf5+ 30. Kb2 Nxd5 31. Bc6 Nxc3 32. Kxc3 e4 33. Bxe4 Qe5+ 34. Kb3 Bf6 35. Qd3 Rc8 36. Ka4 Rc7 37. Rd1 Ra7+ 38. Kb3 Qb2+ 39. Kc4 Be5 40. f4 Rxa3 41. Qd5 Qe2+ 42. Rd3 Rxd3 43. Bxd3 Qa2+ 0-1

[Event "Wch Blitz"]
[Site "Samarkand"]
[Date "2023.12.30"]
[Round "12"]
[White "Kobalia, Mihail"]
[Black "Suyarov, Mukhammadzokhid"]
[Result "1/2-1/2"]
[WhiteElo "2542"]
[BlackElo "2359"]
[PlyCount "141"]
[EventDate "2023.12.29"]
[EventType "swiss (blitz)"]
[EventRounds "21"]
[EventCountry "UZB"]
[SourceTitle "CB01_2024"]
[SourceDate "2024.01.03"]
[SourceVersion "1"]
[SourceVersionDate "2024.01.03"]
[SourceQuality "1"]

1. e4 e5 2. Nf3 Nf6 3. Nc3 Nc6 4. d4 exd4 5. Nxd4 Bb4 6. Nxc6 bxc6 7. Bd3 d5 8. exd5 0-0 9. 0-0 cxd5 10. Bg5 c6 11. Qf3 h6 12. Bxf6 Qxf6 13. Qxf6 gxf6 14. Ne2 Re8 15. Nd4 Bd7 16. c3 Bf8 17. Rfe1 c5 18. Nf5 a5 19. Ne3 Be6 20. c4 dxc4 21. Bxc4 Red8 22. Rac1 a4 23. g3 Rd4 24. Rc2 Rad8 25. Kg2 h5 26. h4 Bc8 27. Be2 Be6 28. Bc4 Kg7 29. b3 axb3 30. axb3 Ra8 31. Ree2 f5 32. Bxe6 fxe6 33. Nc4 Kf6 34. Re3 Bh6 35. Re1 Ra6 36. Rce2 Bg7 37. Ne5 Rd5 38. Nf3 Rb6 39. Re3 Bh6 40. Rc3 e5 41. Re2 e4 42. Ne1 Bd2 43. Rc2 Bxe1 44. Rxe1 Rxb3 45. Rec1 Rb5 46. Ra1 Rb6 47. Ra8 Rc6 48. Rh8 Kg6 49. Rg8+ Kh7 50. Rg5 Kh6 51. Kf1 c4 52. Ke2 c3 53. Rg8 Rd3 54. Rg5 Rf3 55. Rg8 f4 56. Re8 fxg3 57. fxg3 Rxg3 58. Rxe4 Rg4 59. Re3 Rgc4 60. Rg3 Re4+ 61. Kf1 Rf4+ 62. Ke2 Re6+ 63. Kd3 Rxh4 64. Rxc3 Rg4 65. Rf3 h4 66. Rc8 Kg5 67. Rg8+ Rg6 68. Rxg6+ Kxg6 69. Ke2 Kg5 70. Rf8 Rf4 71. Rxf4 1/2-1/2

[Event "Wch Blitz"]
[Site "Samarkand"]
[Date "2023.12.29"]
[Round "6"]
[White "Kobalia, Mihail"]
[Black "Vidit, Santosh Gujrathi"]
[Result "0-1"]
[WhiteElo "2542"]
[BlackElo "2737"]
[PlyCount "120"]
[EventDate "2023.12.29"]
[EventType "swiss (blitz)"]
[EventRounds "21"]
[EventCountry "UZB"]
[SourceTitle "CB01_2024"]
[SourceDate "2024.01.03"]
[SourceVersion "1"]
[SourceVersionDate "2024.01.03"]
[SourceQuality "1"]

1. e4 c5 2. Nf3 d6 3. Bc4 Nc6 4. 0-0 Nf6 5. d3 g6 6. c3 Bg7 7. Re1 0-0 8. Bb3 e5 9. Nbd2 Nh5 10. Nf1 Kh8 11. Ng3 Nf4 12. h3 f5 13. exf5 Bxf5 14. Bxf4 exf4 15. Nxf5 Rxf5 16. Be6 Rf8 17. Qb3 Ne5 18. Qd5 Qc7 19. Rad1 Rae8 20. Nxe5 dxe5 21. Bg4 Rd8 22. Qc4 a6 23. a4 Rd6 24. Bf3 Rfd8 25. Be4 Bf6 26. b4 Rc8 27. bxc5 Qxc5 28. Qf7 b6 29. Rb1 Bg7 30. Rec1 Rf6 31. Qa2 Qc7 32. Rb4 Bf8 33. Rc4 Qf7 34. Rd1 b5 35. axb5 axb5 36. Rxc8 Qxa2 37. Ra8 Qb3 38. Rda1 Rf7 39. Rc8 Kg7 40. Raa8 f3 41. Bxf3 Qb1+ 42. Kh2 Qxd3 43. Rd8 Qxc3 44. Bd5 Rxf2 45. Rd7+ Kh6 46. Raa7 Kg5 47. Rxh7 Kf4 48. Rhf7+ Ke3 49. Rxf2 Kxf2 50. Rf7+ Ke1 51. Rxf8 Qc5 52. Rd8 e4 53. Kh1 Qd4 54. Rd7 b4 55. Bc6 Qc4 56. Bd5 Qb5 57. Rd6 e3 58. Bf3 Kf2 59. Rf6 Qe5 60. Rf8 e2 0-1

[Event "Wch Rapid"]
[Site "Samarkand"]
[Date "2023.12.28"]
[Round "12"]
[White "Matlakov, Maxim"]
[Black "Kobalia, Mihail"]
[Result "1-0"]
[WhiteElo "2670"]
[BlackElo "2542"]
[PlyCount "105"]
[EventDate "2023.12.26"]
[EventType "swiss (rapid)"]
[EventRounds "13"]
[EventCountry "UZB"]
[SourceTitle "CB01_2024"]
[SourceDate "2024.01.03"]
[SourceVersion "1"]
[SourceVersionDate "2024.01.03"]
[SourceQuality "1"]

1. d4 d5 2. c4 c6 3. Nf3 Nf6 4. e3 Bf5 5. Nc3 e6 6. Nh4 Bg6 7. Bd2 Be7 8. Qb3 Qc7 9. Nxg6 hxg6 10. Rc1 dxc4 11. Bxc4 a6 12. h3 Nbd7 13. 0-0 0-0 14. e4 e5 15. dxe5 Nxe5 16. Be2 Rad8 17. Rcd1 Bc5 18. Bg5 b5 19. Kh1 Rxd1 20. Qxd1 Rd8 21. Qc2 Bd4 22. f4 Bxc3 23. Qxc3 Ned7 24. e5 Re8 25. Bf3 Nh7 26. Bh4 c5 27. Rd1 Nhf8 28. Rd6 Ne6 29. Bc6 Nef8 30. Qd2 Re6 31. Qd5 c4 32. Bf2 Nb6 33. Qf3 Nbd7 34. Qd1 Nb6 35. Qd4 Nbd7 36. Kh2 g5 37. f5 Rxd6 38. Qxd6 Qxd6 39. exd6 Ne5 40. Bb7 a5 41. Bd4 Nfd7 42. Ba6 b4 43. Bb5 Kf8 44. Kg3 f6 45. Kf2 Nd3+ 46. Ke3 N7e5 47. g3 Kf7 48. Ke4 Kf8 49. Kd5 Kf7 50. Bxc4 Nxc4 51. Kxc4 Nc1 52. Kd5 Ne2 53. Bb6 1-0

[Event "Wch Rapid"]
[Site "Samarkand"]
[Date "2023.12.27"]
[Round "6"]
[White "Caruana, Fabiano"]
[Black "Kobalia, Mihail"]
[Result "1-0"]
[WhiteElo "2794"]
[BlackElo "2542"]
[PlyCount "77"]
[EventDate "2023.12.26"]
[EventType "swiss (rapid)"]
[EventRounds "13"]
[EventCountry "UZB"]
[SourceTitle "CB01_2024"]
[SourceDate "2024.01.03"]
[SourceVersion "1"]
[SourceVersionDate "2024.01.03"]
[SourceQuality "1"]

1. e4 e5 2. Nf3 Nc6 3. Bb5 g6 4. d4 exd4 5. Nxd4 Bg7 6. Be3 Nge7 7. 0-0 0-0 8. Nc3 d6 9. Bc4 Nxd4 10. Bxd4 Bxd4 11. Qxd4 Nc6 12. Qe3 Be6 13. Bb3 Qf6 14. Rad1 Bxb3 15. axb3 Nb4 16. Rd2 a5 17. Nb5 Qe7 18. c3 Na6 19. Re1 Rfe8 20. Rde2 Nc5 21. Nd4 Qh4 22. f3 Re7 23. Qd2 Rae8 24. g3 Qh3 25. Re3 h5 26. c4 b6 27. Nc6 Re6 28. b4 axb4 29. Nxb4 Re5 30. Nd5 Rc8 31. b4 Nb7 32. f4 Re6 33. f5 Re5 34. Rf3 Kg7 35. Qg5 Qg4 36. Qf6+ Kh6 37. Qxf7 gxf5 38. Rxf5 Rg8 39. Nf6 1-0

[Event "Wch Rapid"]
[Site "Samarkand"]
[Date "2023.12.27"]
[Round "7"]
[White "Kobalia, Mihail"]
[Black "Galchenko, Matvey"]
[Result "1/2-1/2"]
[WhiteElo "2542"]
[BlackElo "2438"]
[PlyCount "56"]
[EventDate "2023.12.26"]
[EventType "swiss (rapid)"]
[EventRounds "13"]
[EventCountry "UZB"]
[SourceTitle "CB01_2024"]
[SourceDate "2024.01.03"]
[SourceVersion "1"]
[SourceVersionDate "2024.01.03"]
[SourceQuality "1"]

1. e4 c5 2. Nf3 g6 3. c3 Bg7 4. d4 cxd4 5. cxd4 d5 6. e5 a6 7. Bd3 Nc6 8. 0-0 f6 9. exf6 Nxf6 10. h3 0-0 11. Nc3 Nh5 12. Bc2 Rxf3 13. Qxf3 Nxd4 14. Qd1 e5 15. Bb1 Be6 16. a3 Qd7 17. Ba2 Rf8 18. Re1 Qf7 19. Be3 Nf4 20. Bxf4 Qxf4 21. Bxd5 Qxf2+ 22. Kh1 Bxd5 23. Nxd5 Nf5 24. Nc3 Ng3+ 25. Kh2 Qf4 26. Kg1 Qf2+ 27. Kh2 Qf4 28. Kg1 Qf2+ 1/2-1/2

[Event "Wch Rapid"]
[Site "Samarkand"]
[Date "2023.12.26"]
[Round "1"]
[White "Kobalia, Mihail"]
[Black "Turayev, Shahruh"]
[Result "0-1"]
[WhiteElo "2542"]
[BlackElo "2183"]
[PlyCount "74"]
[EventDate "2023.12.26"]
[EventType "swiss (rapid)"]
[EventRounds "13"]
[EventCountry "UZB"]
[SourceTitle "CB01_2024"]
[SourceDate "2024.01.03"]
[SourceVersion "1"]
[SourceVersionDate "2024.01.03"]
[SourceQuality "1"]

1. e4 e6 2. d3 d5 3. Nd2 Nf6 4. Ngf3 c5 5. g3 g6 6. Bg2 Bg7 7. 0-0 0-0 8. Re1 Nc6 9. c3 a5 10. e5 Ng4 11. d4 cxd4 12. cxd4 f6 13. exf6 Qxf6 14. h3 Nxf2 15. Kxf2 Qxd4+ 16. Ke2 Qb6 17. Qb3 Qc7 18. Nf1 a4 19. Qa3 b5 20. Kd1 b4 21. Qe3 Kh8 22. Bd2 a3 23. Rb1 axb2 24. Qb3 Ra3 25. Qc2 b3 26. axb3 Ra1 27. Be3 Qb7 28. N1d2 Nb4 29. Qc5 Nd3 30. Qc2 Nxe1 31. Nxe1 Qb8 32. Bc5 Re8 33. Qd3 Ba6 34. Qe3 Rc8 35. Nc2 Qb5 36. b4 Qd3 37. Bf1 Rxb1# 0-1

[Event "Wch Rapid"]
[Site "Samarkand"]
[Date "2023.12.26"]
[Round "2"]
[White "Zverev, Lev"]
[Black "Kobalia, Mihail"]
[Result "1-0"]
[WhiteElo "2343"]
[BlackElo "2542"]
[PlyCount "21"]
[EventDate "2023.12.26"]
[EventType "swiss (rapid)"]
[EventRounds "13"]
[EventCountry "UZB"]
[SourceTitle "CB01_2024"]
[SourceDate "2024.01.03"]
[SourceVersion "1"]
[SourceVersionDate "2024.01.03"]
[SourceQuality "1"]

1. e4 c5 2. Nf3 e6 3. d4 cxd4 4. Nxd4 Nc6 5. Nc3 a6 6. Be3 Nf6 7. f4 Bb4 8. Bd3 0-0 9. Qd2 e5 10. Nxc6 bxc6 11. a3 1-0

[Event "RUS-chT Rapid"]
[Site "Sochi"]
[Date "2023.10.19"]
[Round "7.2"]
[White "Andreikin, Dmitry"]
[Black "Kobalia, Mihail"]
[Result "1/2-1/2"]
[WhiteElo "2729"]
[BlackElo "2542"]
[PlyCount "59"]
[EventDate "2023.10.18"]
[EventType "team-swiss (rapid)"]
[EventRounds "9"]
[EventCountry "RUS"]
[SourceTitle "Mega2024 Update 01"]
[Source "Chessbase"]
[SourceDate "2023.11.12"]
[SourceVersion "1"]
[SourceVersionDate "2023.11.12"]
[SourceQuality "1"]
[WhiteTeam "Moscow Park Tauer"]
[BlackTeam "Moscow ShSM"]
[WhiteTeamCountry "RUS"]
[BlackTeamCountry "RUS"]

1. e4 e5 2. Nf3 Nc6 3. Bb5 a6 4. Ba4 Nf6 5. 0-0 b5 6. Bb3 Bc5 7. Nc3 d6 8. Nd5 h6 9. c3 0-0 10. d4 Ba7 11. dxe5 Nxe5 12. Nxe5 dxe5 13. Qf3 Nxd5 14. Bxd5 Rb8 15. a4 Bb6 16. a5 Ba7 17. Be3 Bxe3 18. Qxe3 Qg5 19. Qxg5 hxg5 20. Rfd1 Bd7 21. Rd3 b4 22. Bc4 Bb5 23. Bxb5 Rxb5 24. c4 Rc5 25. b3 Rb8 26. f3 Kf8 27. Kf2 Ke7 28. Ke3 Rc6 29. Rd5 f6 30. Rad1 1/2-1/2